[Event "36th Zalakaros Festival 2017"]
[Site "Zalakaros"]
[Date "2017.05.19"]
[Round "2"]
[White "Puranik, Abhimanyu"]
[Black "Rapport, Richard"]
[Result "1-0"]
[WhiteElo "2459"]
[BlackElo "2698"]
[Annotator "TA"]
[PlyCount "75"]
[EventDate "2017.??.??"]
[EventType "swiss"]
[EventCountry "HUN"]
[SourceTitle "playchess.com"]
[Source "ChessBase"]
[SourceQuality "1"]

{[%evp 9,75,27,29,22,62,28,56,52,65,42,29,35,33,29,42,29,54,45,62,27,54,0,40,12,0,-34,-32,-70,-38,-47,-39,-110,-70,-96,-31,-23,-8,-26,0,-45,-18,-63,-45,-44,-49,-144,-154,-179,-174,-268,-204,-206,-197,-198,-208,-174,-187,-193,-208,-186,444,462,747,750,702,649,656,648]} 1. e4 e5 2. Nf3 Nc6 3. Bb5 a6 4. Ba4 Nge7 5. O-O Ng6 (5... g6 6. c3 Bg7 7. d4 b5 8. Bb3 exd4 9. cxd4 d6 10. Nc3 O-O 11. h3 Na5 12. Bg5 h6 13. Bxe7 Qxe7 14. Nd5 Qd8 15. Rc1 c6 16. Nf4 {½-½ (48) Vachier Lagrave,M (2758)-Mamedyarov,S (2765) Beijing 2014}) 6. c3 {C60: Ruy Lopez: Unusual Black 3rd moves and 3...g6} b5 7. Bb3 Na5 8. Bc2 {White is slightly better.} Be7 9. a4 $146 ({Predecessor:} 9. d4 d6 10. h3 Nc4 11. Qe2 Nb6 12. Rd1 Bd7 13. b3 O-O 14. Be3 {½-½ (14) Kis,J (2128)-Duzs,J (2106) Hungary 2003}) 9... b4 10. d4 exd4 11. Nxd4 O-O 12. cxb4 Bxb4 13. Nc3 Re8 14. f4 {[%cal Bf2f4,Bf4f5,Bf5f6][%mdl 32]} Bb7 15. f5 Ne5 16. f6 $1 {[%cal Rf6g7]} g6 $1 17. Nd5 Bxd5 18. exd5 c5 19. Ne2 ({Reject} 19. dxc6 dxc6 20. Kh1 Qb6 $17) 19... c4 {Threatens to win with ...Qb6+.} 20. Nc3 (20. Kh1 $15) 20... Rb8 21. Kh1 Bf8 (21... Bxc3 $1 $17 22. bxc3 Nb3 23. Bxb3 cxb3) 22. Rb1 $15 Nb3 23. Bf4 Qb6 24. Ne4 (24. Bxb3 $5 Qxb3 25. Qd4 $11) 24... Rbc8 25. Ng5 Nc5 ({Not} 25... Qxf6 26. Ne4 $16) 26. Qd4 Ned3 27. Bxd3 (27. Bg3 $15) 27... cxd3 $17 28. Be3 {Threatening b4.} Qb3 29. Qh4 (29. Bg1 $142) 29... h6 30. Nxf7 Kxf7 31. Bxh6 {[#]} Re4 $1 {[%cal Re4h4]} ({Wrong is} 31... Qxa4 $2 32. Bf4 $18) 32. Bf4 Qxd5 {White must now prevent ...Qh5.} 33. Qh7+ Ke8 34. f7+ Qxf7 $4 {[%mdl 8192] [#]} (34... Kd8 $19 {And now ...Ne6 would win.} 35. Qh4+ g5 36. Qxg5+ Qxg5 37. Bxg5+ Kc7) 35. Bd6 $1 $18 {[%mdl 512] White is clearly winning.} Re7 (35... Qxf1+ $142 36. Rxf1 Bxd6) (35... Bxd6 36. Qxf7+) 36. Rxf7 Rxf7 37. Qxg6 {aiming for Rf1.} Bxd6 38. Rf1 {Precision: White = 39%, Black = 47%.} 1-0

[Event "36th Zalakaros Festival 2017"]
[Site "Zalakaros"]
[Date "2017.05.19"]
[Round "2"]
[White "Bagi, Mate"]
[Black "Banzea, Alexandru-Bogdan"]
[Result "1/2-1/2"]
[WhiteElo "2455"]
[BlackElo "2278"]
[Annotator "TA"]
[PlyCount "89"]
[EventDate "2017.??.??"]
[EventType "swiss"]
[EventCountry "HUN"]
[SourceTitle "playchess.com"]
[Source "ChessBase"]
[SourceQuality "1"]

{[%evp 18,89,25,25,28,19,17,9,6,6,9,0,0,0,0,0,2,0,27,21,17,21,31,19,50,34,50,39,39,45,39,30,53,42,60,27,31,8,8,8,8,8,8,8,8,8,8,8,8,8,9,8,8,0,5,5,64,8,8,8,14,0,8,0,22,2,2,2,2,0,1,0,8,0]} 1. e4 c6 2. d4 d5 3. Nc3 dxe4 4. Nxe4 Bf5 5. Ng3 Bg6 6. h4 h6 7. Nf3 e6 8. Ne5 Bh7 9. Bd3 Bxd3 10. Qxd3 Nd7 {B19: Classical Caro-Kann: 4...Bf5 main line} 11. f4 Be7 12. Bd2 Nxe5 13. fxe5 {Threatening 0-0.} Bxh4 14. O-O-O Bxg3 $1 15. Qxg3 Ne7 $1 16. Qxg7 (16. Bb4 Nf5 17. Qf4 g5 18. Qf2 {½-½ (43) Wei,Y (2706)-Giri,A (2773) Wijk aan Zee 2017}) 16... Rg8 17. Qxh6 Qd5 18. Kb1 {[#] Strongly threatening Bg5.} O-O-O $146 19. Qf6 $36 {[%mdl 2048] White fights for an advantage.} Nf5 20. Rh7 Rxg2 21. Qxf7 {[%csl Gh7][%cal Rf7b7]} Rd7 22. Qxd7+ (22. Qf8+ {with more complications.} Rd8 23. Qf6 Rd7 24. Rxd7 Qxd7 25. Bc1) 22... Qxd7 23. Rxd7 Kxd7 $14 {[%mdl 4096] Endgame KRB-KRN} 24. Bc1 Re2 25. b3 Kc7 26. a4 b6 27. Bb2 Ne3 28. Rc1 c5 29. dxc5 bxc5 30. Rg1 Rxc2 31. Rg7+ Kb6 32. Re7 Re2 33. Rxe6+ Kc7 34. Re7+ Kb6 35. Rd7 Re1+ 36. Ka2 Ng4 (36... Re2 $11) 37. Re7 (37. Rd6+ $14 Kc7 38. Ra6) 37... Ne3 $11 {The position is equal.} 38. Re6+ Kc7 39. Re7+ Kb6 40. Re6+ Kc7 41. Ba3 Re2+ 42. Kb1 c4 43. Bd6+ Kc6 (43... Kb7 $5 {[%cal Rc4b3]}) 44. bxc4 Nxc4 45. Re7 {Precision: White = 30%, Black = 66%.} 1/2-1/2

[Event "36th Zalakaros Festival 2017"]
[Site "Zalakaros"]
[Date "2017.05.19"]
[Round "2"]
[White "Nemeth, Miklos"]
[Black "Gupta, Abhijeet"]
[Result "1/2-1/2"]
[WhiteElo "2451"]
[BlackElo "2626"]
[Annotator "TA"]
[PlyCount "137"]
[EventDate "2017.??.??"]
[EventType "swiss"]
[EventCountry "HUN"]
[SourceTitle "playchess.com"]
[Source "ChessBase"]
[SourceQuality "1"]

{[%evp 14,137,10,-5,-18,-24,-8,-56,0,0,23,0,40,27,29,0,0,0,0,0,0,0,0,0,0,19,10,-48,-59,-56,-55,-72,-72,-72,-72,-72,-72,-72,-37,-72,-72,-72,-72,-90,-72,-89,-85,-93,-72,-72,-72,-72,-72,-72,-72,-72,-72,-72,-72,-72,-72,-72,-72,-72,-72,-72,-70,-72,-72,-72,-72,-72,-72,-72,-72,-72,0,-72,-72,-72,-72,-72,0,0,0,0,0,-463,-414,-725,-703,-675,-664,-783,-781,-1812,-1690,-2039,-1719,-4810,-3338,-4710,-2920,-5375,-3579,-2218,-2020,-1862,0,0,0,0,0,0,0,0,0,0,0,0,0,0,0,0,0,0]} 1. e4 c5 2. Nf3 d6 3. d4 cxd4 4. Nxd4 Nf6 5. Nc3 a6 6. Bg5 Nbd7 7. f4 Qb6 8. a3 {LiveBook: 3 Games. B94: Sicilian Najdorf: 6 Bg5 Nbd7} (8. Qd2 Qxb2 9. Rb1 Qa3 10. Bxf6 Nxf6 11. e5 dxe5 12. fxe5 Nd7 13. Nd5 Qc5 14. Nb3 Qc6 15. Na5 Qc5 16. Nxb7 Qc6 17. Rb6 {1-0 (17) Nakamura,H (2729)-Van Wely,L (2677) Amsterdam 2010}) 8... h6 9. Bh4 e5 10. Nf5 exf4 (10... g6 $1 $15 11. Bf2 Nc5) 11. Bf2 $146 {[%cal Rf2b6]} ({Predecessor:} 11. Bc4 Qxb2 12. Ne2 Qe5 13. O-O Qc5+ 14. Kh1 Qxc4 15. Nxf4 g5 {0-1 (40) Stripunsky,A (2495)-Zagrebelny,S (2510) Noyabrsk 1995}) 11... Qa5 ({But not} 11... Qxb2 $2 12. Bd4 $18) 12. Qd2 Ne5 13. Qxf4 Bxf5 14. Qxf5 Be7 15. Be2 O-O 16. O-O Rac8 17. Kh1 Rfe8 18. Rad1 Qc7 19. Bh4 Qd7 20. Bxf6 (20. Qf2 $11) 20... Qxf5 $1 $15 21. exf5 Bxf6 22. Rxd6 {[#]} Nc4 $1 {[%cal Rc4d6]} 23. Bxc4 Rxc4 24. Rd3 {[#]} Rf4 $1 {[%cal Rf4f1][%mdl 512]} 25. Rdd1 (25. Rxf4 Re1+) 25... Rxf1+ 26. Rxf1 Bxc3 27. bxc3 $17 {[%mdl 4096] Endgame KR-KR} Re3 28. Rb1 b5 29. a4 bxa4 30. Ra1 Re4 31. Kg1 Kf8 32. Kf2 Ke7 33. Kf3 Rc4 34. Ke2 Kd6 35. Kd3 Kd5 36. g3 h5 {[%cal Bh6h5,Bh5h4][%mdl 32]} 37. h3 Re4 38. Ra2 h4 39. g4 g5 40. fxg6 fxg6 41. Ra1 Rf4 42. Ke3 g5 43. Ke2 Kc5 44. Ke3 Kd5 45. Ke2 Ke5 46. Ke3 Rc4 47. Kd3 Re4 (47... Kd5 $17) 48. c4 $11 Rf4 {aiming for ...Rf3+.} 49. Re1+ $1 Kd6 {And now ...Rf3+ would win.} 50. Kc3 $2 {[%mdl 8192]} (50. Ra1 $11) 50... Rf3+ $19 51. Kd4 (51. Kb4 $142 Rxh3 52. c5+ Kd7 53. Rf1) 51... Rxh3 52. c5+ Kd7 53. Kd5 {intending c6+.} Rc3 54. Rf1 a3 {[%cal Ba4a3,Ba3a2][%mdl 32]} 55. Rf7+ {[#]} Ke8 $1 {[%cal Re8f7]} 56. Rf1 Rxc2 57. Kd6 Rd2+ 58. Kc7 a2 59. c6 h3 60. Kc8 Rb2 $2 ({Better is} 60... Rd4 $19 61. c7 Rxg4 62. Re1+ Kf7 63. Rf1+ Kg6) 61. c7 $1 $11 {The position is equal.} h2 (61... Ke7 $5 {[%cal Rb2b1]} 62. Re1+ Kf7 $11) 62. Re1+ Kf7 {Threatens to win with ...Rb1.} 63. Kd7 {Re7+ would kill now.} Rd2+ 64. Kc6 Rc2+ 65. Kd7 Rd2+ 66. Kc6 Rc2+ 67. Kd7 Rd2+ 68. Kc6 Rc2+ 69. Kd7 {Precision: White = 55%, Black = 83%.} 1/2-1/2

[Event "36th Zalakaros Festival 2017"]
[Site "Zalakaros"]
[Date "2017.05.19"]
[Round "2"]
[White "Kreisl, Robert"]
[Black "Chovan, Milan"]
[Result "1/2-1/2"]
[WhiteElo "2448"]
[BlackElo "2288"]
[Annotator "TA"]
[PlyCount "43"]
[EventDate "2017.??.??"]
[EventType "swiss"]
[EventCountry "HUN"]
[SourceTitle "playchess.com"]
[Source "ChessBase"]
[SourceQuality "1"]

{[%evp 20,43,20,23,46,34,32,34,41,37,62,21,24,0,43,0,0,-20,20,21,18,13,20,13,10,-14]} 1. Nf3 Nf6 {[%cal Bg8f6,Bf6d5,Bd5b4,Bb4d3,Bd3f4][%mdl 32]} 2. c4 c5 3. Nc3 d5 4. cxd5 Nxd5 5. e4 Nb4 6. Bc4 Nd3+ 7. Ke2 Nf4+ {A34: Symmetrical English: 2 Nc3, lines with ...d5} 8. Kf1 Ne6 9. d3 Nc6 10. h4 Ned4 11. Nb5 {LiveBook: 4 Games} Nxb5 12. Bxb5 Bd7 13. Be3 e6 14. Rc1 {[#]} Qb6 $146 ({Predecessor:} 14... Nb8 15. Qb3 {1-0 (35) Wang,Y (2718)-Salem,A (2615) Abu Dhabi 2016}) 15. Ba4 Rd8 16. a3 Qa5 17. Bd2 Qa6 {The position is equal.} 18. Qb3 Nd4 19. Bxd7+ Rxd7 20. Nxd4 Rxd4 21. Rc4 Rd7 22. a4 1/2-1/2

[Event "36th Zalakaros Festival 2017"]
[Site "Zalakaros"]
[Date "2017.05.19"]
[Round "2"]
[White "Basso, Pier Luigi"]
[Black "Papp, Gabor"]
[Result "1/2-1/2"]
[WhiteElo "2447"]
[BlackElo "2592"]
[Annotator "TA"]
[PlyCount "32"]
[EventDate "2017.??.??"]
[EventType "swiss"]
[EventCountry "HUN"]
[SourceTitle "playchess.com"]
[Source "ChessBase"]
[SourceQuality "1"]

{[%evp 15,25,11,13,4,21,20,20,13,8,4,25,37]} 1. d4 Nf6 2. c4 e6 3. Nc3 Bb4 4. Qc2 O-O 5. Nf3 d5 6. a3 Bxc3+ 7. Qxc3 dxc4 8. Qxc4 b6 9. Bg5 {E36: Nimzo-Indian: Classical: 4...d5 5 a3} Ba6 10. Qa4 Qd7 11. Qxd7 Nbxd7 12. Bxf6 Nxf6 13. e3 {[#]} {Predecessor:} Bb7 $146 14. Be2 Rfc8 15. Rc1 Kf8 16. O-O Ke7 {½-½ (32) Zhou,W (2646)-Wang,Y (2721) Zaozhuang 2015} 1/2-1/2

[Event "36th Zalakaros Festival 2017"]
[Site "Zalakaros"]
[Date "2017.05.19"]
[Round "2"]
[White "Plenca, Jadranko"]
[Black "Stupak, Kirill"]
[Result "1-0"]
[WhiteElo "2446"]
[BlackElo "2560"]
[Annotator "TA"]
[PlyCount "101"]
[EventDate "2017.??.??"]
[EventType "swiss"]
[EventCountry "HUN"]
[SourceTitle "playchess.com"]
[Source "ChessBase"]
[SourceQuality "1"]

{[%evp 10,101,18,24,20,20,22,18,17,4,16,-6,0,5,-8,-16,0,-46,0,0,0,-6,0,-3,19,5,25,20,23,0,0,0,0,0,0,0,-6,0,0,0,0,-35,-35,-27,7,0,0,6,44,27,96,0,103,91,98,0,0,0,77,74,74,38,32,33,46,45,69,57,100,100,150,150,125,139,185,183,193,193,259,256,289,220,355,311,686,686,652,644,624,623,613,594,29978,29979]} 1. e4 e6 2. d4 d5 3. Nd2 Be7 4. Bd3 c5 5. dxc5 Nf6 6. Qe2 a5 {C03: French Tarrasch: Unusual Black 3rd moves} 7. Ngf3 O-O 8. O-O (8. c3 Na6 9. e5 Nd7 10. O-O Naxc5 11. Bc2 b6 12. Re1 Ba6 13. Qd1 Nd3 14. Re3 Nxc1 15. Rxc1 {0-1 (45) Oleksienko,M (2615)-Korobov,A (2692) Rivne 2016}) 8... Na6 {The position is equal.} 9. exd5 exd5 10. Nb3 a4 11. Nbd4 Nxc5 12. Bg5 (12. Re1 $5 {[%cal Re2e7]} Re8 13. Be3 $11) 12... h6 13. Bh4 Nfe4 14. Bxe7 Qxe7 15. Rfe1 $146 (15. b4 $5 {[%cal Rb4c5]} axb3 16. axb3 $11) 15... Qf6 16. h3 b6 17. Bb5 a3 18. b3 Ba6 19. Bxa6 Nxa6 20. Nb5 Nc3 21. Qd3 Nxb5 22. Qxb5 Rfc8 23. Rad1 ({Of course not} 23. Qxd5 Nb4 $17) 23... Rxc2 24. Qxd5 Rac8 25. Qb5 Nc7 26. Qa4 Ne6 (26... Ra8 $5 {[%cal Ra8a4]} 27. Qd7 Ne6 $15) 27. Qxa3 Nf4 28. Re3 $1 g6 29. Qa4 Ne2+ (29... Kg7 $11 30. Rd7 R8c3) 30. Kh1 ({White should try} 30. Kf1 $16 Nf4 31. Re8+ Kg7 32. Rxc8 Rxc8 33. Qe4) 30... Kg7 (30... Rc1 $1 $11 {remains equal.} 31. Rxc1 Rxc1+ 32. Kh2 Qd6+ 33. Re5 (33. Ne5 $2 {leads to mate.} Rh1+ 34. Kxh1 Qd1+ 35. Kh2 Qg1#) 33... Kg7) 31. Qe4 Nf4 32. Rd2 (32. Ne5 $16 {And now Ng4 would win.} Rc1 33. Rxc1 Rxc1+ 34. Kh2) 32... Rxd2 $11 33. Nxd2 Ne6 {[#]} (33... Rc1+ $11 {keeps the balance.} 34. Kh2 Ne6) 34. Nf3 $1 $16 Qa1+ 35. Re1 Qxa2 36. Qb7 Rc7 37. Qxb6 Rd7 38. Qe3 $36 {[%mdl 2048] Strongly threatening Ne5. White is pushing.} (38. Qb5 $5 {[%cal Rb5d7]} Qa7 39. Qe5+ Kg8 40. Qb2 $16) 38... Qb2 39. Ne5 Rb7 40. Nxf7 $1 Rxf7 41. Qxe6 Qxf2 {[%mdl 4096] Endgame KQR-KQR} 42. b4 {[%cal Bb3b4,Bb4b5,Bb5b6][%mdl 32]} h5 43. b5 Rf6 (43... Qd4 {was called for.} 44. Qc6 Qf6) 44. Qe5 $18 Kh6 45. Re4 Rf8 (45... Kh7 $142 46. Kh2 Rf7) 46. Kh2 Kh7 $2 {[#]} (46... Qb6 47. Rc4 Qf6 48. Qe3+ Qg5 49. Qxg5+ Kxg5) 47. Qc7+ Kh6 48. b6 Rf7 49. Qd8 Kh7 50. Qd4 Qf5 51. Re8 {Precision: White = 67%, Black = 40%.} 1-0

[Event "36th Zalakaros Festival 2017"]
[Site "Zalakaros"]
[Date "2017.05.19"]
[Round "2"]
[White "Shvayger, Yuliya"]
[Black "Czupor, Attila"]
[Result "1-0"]
[WhiteElo "2423"]
[BlackElo "2230"]
[Annotator "TA"]
[PlyCount "85"]
[EventDate "2017.??.??"]
[EventType "swiss"]
[EventCountry "HUN"]
[SourceTitle "playchess.com"]
[Source "ChessBase"]
[SourceQuality "1"]

{[%evp 11,85,10,57,-28,37,26,53,53,98,83,88,36,145,136,125,124,235,92,102,77,90,39,65,58,64,41,59,56,54,35,78,74,79,62,113,11,31,29,34,23,111,104,123,118,112,99,132,133,137,135,138,158,187,154,162,164,161,146,159,131,179,132,283,250,650,635,29983,29984,29984,29985,29985,29986,29986,29987,29982,-349]} 1. e4 e5 2. Nf3 Nc6 3. Nc3 Nf6 4. g3 d5 5. exd5 Nxd5 6. Bg2 Be6 {LiveBook: 31 Games} 7. d3 {C47: Scotch Four Knights and Four Knights with 4 g3} (7. O-O $14) (7. O-O Be7 8. Re1 Bf6 9. Nxd5 Bxd5 10. d4 Bxf3 11. Bxf3 O-O 12. d5 Nd4 13. Bg2 g6 14. c3 Nf5 15. Qb3 Rb8 {1-0 (36) Safarli,E (2691)-Turner,M (2523) London 2016}) 7... h6 (7... Qd7 $11) 8. O-O $14 g5 $146 ({Predecessor:} 8... Bc5 9. Re1 Nxc3 10. bxc3 Qf6 11. Be3 Bb6 12. Nd2 O-O 13. Qh5 Rfd8 14. Ne4 Qe7 15. Bxh6 gxh6 16. Qxh6 {1-0 (31) Riess,N-Wahrenberg,R Hamburg 1992}) 9. d4 {White is slightly better.} Nxc3 10. bxc3 Bg7 11. Ba3 ({Better is} 11. Rb1 $16) 11... exd4 (11... Qd7 $1 $14) 12. Nxd4 $16 Nxd4 13. cxd4 c6 {[#]} (13... Bf8 $16 {is a better defense.}) 14. c3 (14. d5 $1 $18 {[%cal Rd5e6][%mdl 512]} cxd5 {[#]} 15. c4 $1 {[%mdl 512]}) 14... Bf8 15. Bxf8 Kxf8 16. Qd3 (16. f4 $16) 16... Bd5 17. Bxd5 Qxd5 18. c4 Qd6 19. d5 cxd5 20. cxd5 Rd8 21. Qd4 Rg8 22. Rfd1 $36 {[%mdl 2048] White has good play.} b6 (22... Qb6 $14) 23. Qa4 ({White should play} 23. Rac1 $16) 23... Qd7 24. Qa3+ Kg7 25. d6 Kh7 (25... Qe6 $11) 26. Rd5 Rg6 {[%cal Rg6d6]} 27. Rad1 Re6 28. Qb4 Rc8 29. h4 gxh4 30. Qxh4 Rc6 {[%cal Rc6d6]} 31. Qf4 Rg6 32. Qe4 Kg7 33. Qe5+ Kh7 34. Kh2 ({Much less strong is} 34. Qe7 $6 Qxe7 35. dxe7 Rge6 $14) 34... Rc2 35. R1d2 Rc8 36. Qe4 {Black must now prevent Re5.} Rd8 $2 (36... Rc6 $16 {might work better.} 37. R2d3 (37. Qe7 Qxe7 38. dxe7 Rge6 $16) 37... Kg7) 37. Re5 $18 Kg7 $2 (37... Qg4) 38. Re7 Qb5 {[#]} 39. Rxf7+ $1 {[%mdl 512] White mates.} Kxf7 40. Qe7+ Kg8 41. Qxd8+ Kh7 42. Qe7+ Rg7 43. Qxg7+ $4 {[%mdl 40960] Precision: White = 55%, Black = 16%. . Loss on Time!?} (43. Qe4+ {mates} Kg8 44. d7 Qh5+ 45. Kg2 Rxd7 46. Qa8+ Rd8 47. Rxd8+ Kg7 48. Rd7+ Qf7 49. Rxf7+ Kxf7 50. Qe4) 1-0

[Event "36th Zalakaros Festival 2017"]
[Site "Zalakaros"]
[Date "2017.05.19"]
[Round "2"]
[White "Farago, Ivan"]
[Black "Pujari, Rucha"]
[Result "1/2-1/2"]
[WhiteElo "2411"]
[BlackElo "2203"]
[Annotator "TA"]
[PlyCount "69"]
[EventDate "2017.??.??"]
[EventType "swiss"]
[EventCountry "HUN"]
[SourceTitle "playchess.com"]
[Source "ChessBase"]
[SourceQuality "1"]

{[%evp 15,69,18,18,9,10,19,27,20,33,17,31,25,44,35,44,0,0,-24,-10,-14,-11,0,2,-102,0,-69,-66,-66,-66,-68,-60,-129,-128,-137,-142,-153,-153,-163,-178,-164,-127,-154,0,0,0,0,0,0,0,0,0,0,0,0,0,0]} 1. d4 d5 2. c4 e6 3. Nc3 Nf6 4. cxd5 exd5 5. Bg5 c6 6. e3 Be7 7. Bd3 Nbd7 8. Nge2 Nf8 9. O-O {D35: Queen's Gambit Declined: Exchange Variation} Ne6 10. Bh4 g6 11. b4 {White has an edge.} a6 12. Rb1 O-O 13. a4 $146 ({Predecessor:} 13. f3 Nh5 14. Bf2 f5 15. a4 Bd6 16. Qb3 Kg7 {1-0 (41) Berkes,F (2658)-Izsak,G (2444) Dresden 2014}) 13... Nh5 14. Bxe7 Qxe7 15. Qc2 f5 {[%cal Bf7f5,Bf5f4][%mdl 32]} 16. Ng3 f4 17. Nxh5 gxh5 18. Kh1 Kh8 19. Ne2 {[#]} (19. Qe2 $11) 19... Bd7 (19... f3 $1 $17 20. gxf3 Ng5) 20. Bf5 ({Better is} 20. Nxf4 $11 Nxf4 21. exf4) 20... f3 $1 $15 {[%cal Rf3e2]} 21. gxf3 Qf7 $1 {[%cal Rf7f5]} 22. e4 Ng5 $1 {[%csl LRf3,LRf5][%cal Be6g5,Bg5e4,Be4d6][%mdl 32]} 23. f4 (23. Rb3 $15) 23... Nxe4 $17 24. Bxd7 Qxd7 25. f3 Nd6 26. Rg1 Rae8 27. Rg5 Re3 28. Ng3 Rxf3 $2 (28... h4 $17 29. Qf2 Qe6) 29. Qe2 $11 {The position is equal.} Ne4 30. Nxe4 dxe4 31. Qxe4 {[#] White wants to mate with Qe5+.} R3xf4 32. Qe5+ R4f6 33. Rbg1 {Intending Qxf6+! and mate.} Qe6 34. Rxh5 Qxe5 35. Rxe5 {Precision: White = 33%, Black = 72%.} 1/2-1/2

[Event "36th Zalakaros Festival 2017"]
[Site "Zalakaros"]
[Date "2017.05.19"]
[Round "2"]
[White "Frolov, Artur"]
[Black "Shyam, Sundar M"]
[Result "1/2-1/2"]
[WhiteElo "2410"]
[BlackElo "2535"]
[Annotator "TA"]
[PlyCount "85"]
[EventDate "2017.??.??"]
[EventType "swiss"]
[EventCountry "HUN"]
[SourceTitle "playchess.com"]
[Source "ChessBase"]
[SourceQuality "1"]

{[%evp 9,85,8,9,13,4,4,17,0,21,19,27,2,4,0,7,-12,-8,-9,-15,-18,-8,-18,0,0,0,0,0,1,8,8,17,6,45,44,60,41,89,38,72,70,114,132,162,79,84,81,81,79,79,89,84,80,83,35,33,35,36,35,33,37,70,79,49,74,72,7,7,7,22,25,19,0,14,0,0,0,0,0]} 1. e4 c5 2. Nf3 d6 3. Bb5+ Nd7 4. c4 Ngf6 5. Nc3 g6 6. O-O {B51: Sicilian: Moscow Variation (3 Bb5+) without 3...Bd7} Bg7 7. d3 (7. Ba4 O-O 8. h3 Nb6 9. Bb3 e5 10. d3 Ne8 11. Bg5 f6 12. Be3 f5 13. Bg5 Bf6 {0-1 (43) Safarli,E (2664)-Giri,A (2790) Shamkir 2016}) 7... O-O 8. Ba4 Nb6 9. Bb3 e5 $146 ({Predecessor:} 9... Bg4 10. h3 Bxf3 11. Qxf3 Nbd7 12. Ba4 Nb6 13. Bd1 Nfd7 {1-0 (47) Frolov,A (2459)-Rous,D (2208) Prague 2016}) 10. Bg5 h6 11. Bd2 Nh5 12. Qc1 g5 13. Bd1 {[%cal Rf3g5]} Nf4 $1 14. Ne1 f5 15. Ne2 Qe8 16. Ng3 fxe4 17. dxe4 Be6 18. b3 h5 19. Rb1 Qg6 20. Bc2 Nc8 21. Bxf4 $1 exf4 22. Nf5 Bf6 23. h4 (23. Qd2 $16) 23... gxh4 24. Qxf4 Bg5 25. Qh2 Ne7 {[%cal Re7f5]} 26. Rd1 (26. f4 $18 {has better winning chances.} Nxf5 27. exf5 Bxf5 28. fxg5 Bxc2 29. Nxc2 Qxc2 30. Qxd6) 26... Nxf5 $16 27. exf5 Bxf5 28. Rxd6 Qg7 {[#] Strongly threatening ...Bxc2.} 29. Bxf5 Rxf5 30. Qh3 Raf8 31. Rd5 Rxd5 32. cxd5 Qe5 33. Nf3 Qxd5 34. Re1 Bf6 35. Nxh4 Bxh4 36. Qxh4 $14 {[%mdl 4096] Endgame KQR-KQR} Rf7 37. Qe4 ({Better is} 37. Re4 $16) 37... Qxe4 $11 38. Rxe4 {KR-KR} Rd7 39. Re5 b6 40. Rxh5 {The position is equal.} Rd1+ $1 41. Kh2 Rd2 42. a4 Rxf2 43. Rd5 {Precision: White = 62%, Black = 57%.} 1/2-1/2

[Event "36th Zalakaros Festival 2017"]
[Site "Zalakaros"]
[Date "2017.05.19"]
[Round "2"]
[White "Juhasz, Armin"]
[Black "Rigo, Janos"]
[Result "1/2-1/2"]
[WhiteElo "2410"]
[BlackElo "2236"]
[Annotator "TA"]
[PlyCount "52"]
[EventDate "2017.??.??"]
[EventType "swiss"]
[EventCountry "HUN"]
[SourceTitle "playchess.com"]
[Source "ChessBase"]
[SourceQuality "1"]

{[%evp 14,52,48,39,46,54,46,47,41,39,41,36,60,50,94,83,204,18,9,21,40,43,35,20,20,31,23,9,16,21,19,0,17,0,0,-13,16,-20,-26,-54,-76]} 1. d4 Nf6 2. c4 e6 3. Nc3 Bb4 4. Qc2 d5 5. a3 Be7 6. Nf3 c6 {E36: Nimzo-Indian: Classical: 4...d5 5 a3} 7. e4 dxe4 8. Nxe4 {LiveBook: 3 Games} Nbd7 {White is slightly better.} 9. Bd3 Nxe4 10. Bxe4 Nf6 11. Bd3 b6 $146 ({Predecessor:} 11... c5 12. dxc5 a5 13. b3 Bxc5 14. Bb2 {0-1 (41) Jakovljevic,V (2442)-Kortschnoj,V (2602) Banja Luka 2008}) 12. Bf4 Bb7 13. Rd1 Qc8 {[#]} 14. O-O $1 c5 {[#]} (14... O-O $16) 15. Be2 $2 (15. d5 $1 $18) 15... O-O $11 16. dxc5 Be4 17. Qc3 Qxc5 18. Ne5 Rad8 19. b4 Qc8 $1 20. Qg3 Rxd1 21. Rxd1 Rd8 22. Rc1 Nd7 23. Nf3 Nf8 24. Be3 Bf6 25. Bg5 Bb2 {aiming for ...f6.} 26. Re1 f6 $1 {Precision: White = 38%, Black = 53%.} 1/2-1/2

[Event "36th Zalakaros Festival 2017"]
[Site "Zalakaros"]
[Date "2017.05.19"]
[Round "2"]
[White "Saptarshi, Roy"]
[Black "Sanal, Vahap"]
[Result "1-0"]
[WhiteElo "2407"]
[BlackElo "2533"]
[Annotator "TA"]
[PlyCount "81"]
[EventDate "2017.??.??"]
[EventType "swiss"]
[EventCountry "HUN"]
[SourceTitle "playchess.com"]
[Source "ChessBase"]
[SourceQuality "1"]

{[%evp 32,81,48,37,63,63,56,66,61,20,50,47,41,40,83,70,71,93,244,236,235,234,319,333,377,373,460,335,400,270,271,241,493,524,548,371,407,341,321,260,234,214,758,762,764,761,742,745,742,738,715,709]} 1. e4 e5 2. Nf3 Nc6 3. Bb5 a6 4. Ba4 Nf6 5. O-O Be7 6. Re1 b5 7. Bb3 O-O 8. d4 {[%cal Bd2d4,Bd4d5][%mdl 32]} d6 9. c3 Bg4 10. d5 Na5 11. Bc2 c6 12. h3 Bc8 13. dxc6 Qc7 14. Nbd2 {[%cal Bb1d2,Bd2f1,Bf1g3][%mdl 32]} Qxc6 15. Nf1 Re8 16. Ng3 {C91: Closed Ruy Lopez: 7...d6 8 c3 0-0 9 d4} h6 (16... Be6 17. Ng5 Bd7 18. a4 Nc4 19. b3 Nb6 20. a5 Nc8 21. Bd2 Bd8 22. Bd3 Ne7 23. c4 Qb7 {1-0 (40) Gashimov,V (2740)-Roiz,M (2658) Novi Sad 2009}) 17. Nh4 {LiveBook: 14 Games} Be6 18. Nhf5 {White is slightly better.} Bf8 19. Qf3 Nh7 20. b3 Ng5 $146 ({Predecessor:} 20... Rad8 21. Bd2 Nb7 22. Nh5 Bxf5 23. Qxf5 Nc5 24. b4 {0-1 (60) Fedoseev,V (2321)-Kovalev,V (2315) Herceg Novi 2008}) 21. Bxg5 hxg5 22. Rac1 g6 {[#]} 23. Qg4 $1 {aiming for Nh5!} f6 24. h4 {[%cal Bh3h4,Bh4g5,Bg5f6][%mdl 32]} Qc7 $2 ({Not} 24... gxf5 $2 25. exf5 d5 26. fxe6 $18) (24... Ra7 $16 {keeps fighting.}) 25. hxg5 $18 Qh7 26. gxf6 Kf7 27. Qg5 gxf5 28. exf5 Bd5 29. Rcd1 Bc6 30. Nh5 {Strongly threatening Qg6+.} e4 31. g4 Re5 $2 (31... Bh6 32. Qh4 Bf4) 32. f4 Ree8 33. Re2 Bh6 {[#]} 34. Qh4 $1 Bxf4 35. g5 Bxg5 36. Qxg5 Rh8 $2 (36... Re5) 37. Bxe4 {White is clearly winning.} Rag8 38. Qg6+ $1 Qxg6+ 39. fxg6+ Rxg6+ 40. Bxg6+ Kxg6 41. Rh2 {Precision: White = 81%, Black = 38%.} 1-0